| 000 | 00427nam a2200181Ia 4500 | ||
|---|---|---|---|
| 003 | OSt | ||
| 005 | 20240206095744.0 | ||
| 008 | 210210b1924 xxu||||| |||| 00| 0 eng d | ||
| 040 | _cAL | ||
| 041 | _aSanskrit | ||
| 082 | _a881/51 | ||
| 100 |
_aKALIDASA _9149678 |
||
| 245 | _aRaghuvamsa cantos XI - XV by Kale M R | ||
| 260 |
_aBombay _b- _c1924 |
||
| 690 |
_aSanskrit Poetry _9149679 |
||
| 906 | _a024222 | ||
| 942 |
_2ddc _cBK |
||
| 999 |
_c149620 _d149620 |
||